[Event "CZE-chT2C 1718"]
[Site "Czech Republic"]
[Date "2018.02.11"]
[Round "8.6"]
[White "Ptacnik, Pavel"]
[Black "Koubova, Anna Marie"]
[Result "1/2-1/2"]
[WhiteElo "2114"]
[BlackElo "1915"]
[PlyCount "103"]
[EventDate "2017.10.15"]
[EventType "team-tourn"]
[EventRounds "11"]
[EventCountry "CZE"]
[SourceTitle "EXT 2022"]
[Source "ChessBase"]
[SourceDate "2021.10.06"]
[SourceVersion "1"]
[SourceVersionDate "2021.10.06"]
[SourceQuality "1"]
[WhiteTeam "Tabor"]
[BlackTeam "Unichess Vyletna"]
[WhiteTeamCountry "CZE"]
[BlackTeamCountry "CZE"]

1. d4 Nf6 2. Nf3 g6 3. Bf4 d5 4. Nc3 Bg7 5. Qd2 0-0 6. Bh6 Nbd7 7. Bxg7 Kxg7 8. 0-0-0 e6 9. h4 h5 10. e4 Nxe4 11. Nxe4 dxe4 12. Ng5 Nf6 13. Be2 Qd5 14. Kb1 e5 15. Qc3 exd4 16. Rxd4 Qe5 17. f4 exf3 18. Bxf3 c5 19. Rc4 Qxc3 20. Rxc3 Bf5 21. Bxb7 Rab8 22. Bf3 Rfc8 23. Re1 Re8 24. Rd1 Rbc8 25. Kc1 Rc7 26. b4 Rec8 27. b5 Bd7 28. a4 Rb8 29. Rd6 Ne8 30. Rd5 a6 31. bxa6 Ra7 32. Rcxc5 Bxa4 33. Be2 Nc7 34. Rd4 Be8 35. Rd6 Nb5 36. Bxb5 Bxb5 37. c4 Bxa6 38. Ra5 Rba8 39. c5 Bf1 40. Rxa7 Rxa7 41. Rd2 Rc7 42. Rc2 Bxg2 43. Rxg2 Rxc5+ 44. Kd2 Rc4 45. Nf3 Rg4 46. Rxg4 hxg4 47. Ne5 f5 48. Ke3 Kh6 49. Kf4 Kh5 50. Kg3 g5 51. hxg5 Kxg5 52. Nxg4 1/2-1/2

[Event "Niederoesterreich Landesliga 1516"]
[Site "Austria"]
[Date "2015.12.13"]
[Round "5.4"]
[White "Ptacnik, Pavel"]
[Black "Mlynek, Petr"]
[Result "1/2-1/2"]
[WhiteElo "2023"]
[BlackElo "2197"]
[PlyCount "79"]
[EventDate "2015.09.27"]
[EventType "team-tourn"]
[EventRounds "11"]
[EventCountry "AUT"]
[SourceTitle "CBM 170 Extra"]
[Source "ChessBase"]
[SourceDate "2016.02.25"]
[SourceVersion "1"]
[SourceVersionDate "2016.02.25"]
[SourceQuality "1"]
[WhiteTeam "Litschau/Eisgarn"]
[BlackTeam "Zwettl"]
[WhiteTeamCountry "AUT"]
[BlackTeamCountry "AUT"]

1. d4 f5 2. Nf3 Nf6 3. c4 g6 4. Nc3 Bg7 5. g3 0-0 6. Bg2 d6 7. 0-0 Qe8 8. e4 fxe4 9. Ng5 Nc6 10. Be3 e5 11. dxe5 Nxe5 12. Nd5 Qd8 13. Nxf6+ Bxf6 14. Qd5+ Kh8 15. Nxe4 Bg7 16. f4 c6 17. Qd1 Nxc4 18. Bd4 d5 19. b3 Nd6 20. Ng5 h6 21. Bxg7+ Kxg7 22. Nf3 Qb6+ 23. Kh1 Ne4 24. Qc2 Bf5 25. Qb2+ Kh7 26. Ne5 h5 27. Bf3 Rac8 28. Kg2 Qe3 29. Rad1 Qc3 30. Qe2 Nf6 31. Rc1 Qa5 32. h3 Be4 33. g4 Bxf3+ 34. Rxf3 Ne4 35. gxh5 gxh5 36. Re3 Rf5 37. Rc2 Qc7 38. Rxe4 dxe4 39. Qxe4 Qxe5 40. fxe5 1/2-1/2

[Event "Niederoesterreich Landesliga 1516"]
[Site "Austria"]
[Date "2015.11.08"]
[Round "3.4"]
[White "Rudolf, Herbert"]
[Black "Ptacnik, Pavel"]
[Result "1/2-1/2"]
[WhiteElo "2117"]
[BlackElo "2023"]
[PlyCount "81"]
[EventDate "2015.09.27"]
[EventType "team-tourn"]
[EventRounds "11"]
[EventCountry "AUT"]
[SourceTitle "CBM 170 Extra"]
[Source "ChessBase"]
[SourceDate "2016.02.25"]
[SourceVersion "1"]
[SourceVersionDate "2016.02.25"]
[SourceQuality "1"]
[WhiteTeam "Baden Invest II"]
[BlackTeam "Litschau/Eisgarn"]
[WhiteTeamCountry "AUT"]
[BlackTeamCountry "AUT"]

1. e4 c5 2. Nc3 Nc6 3. g3 g6 4. Bg2 Bg7 5. d3 Nf6 6. f4 d6 7. Nf3 0-0 8. 0-0 e6 9. h3 Rb8 10. Be3 b5 11. a3 b4 12. axb4 Rxb4 13. Ra2 Qb6 14. b3 Ng4 15. hxg4 Bxc3 16. f5 Ne5 17. Nxe5 Bxe5 18. Kh2 Qd8 19. Bf4 Bxf4 20. Rxf4 e5 21. Rf2 a6 22. f6 Re8 23. g5 Qd7 24. Qf3 Rb6 25. Bf1 Qg4 26. Qe3 h6 27. gxh6 Kh7 28. Ra1 Rh8 29. Kg1 Bb7 30. Be2 Qe6 31. g4 Rc8 32. g5 Rb4 33. Qg3 Rd8 34. Bg4 Qe8 35. Re2 d5 36. exd5 Bxd5 37. Bf3 Qc6 38. Bxd5 Rxd5 39. Rae1 Rdd4 40. Re4 Rxe4 41. dxe4 1/2-1/2

[Event "Niederoesterreich Landesliga 1415"]
[Site "Austria"]
[Date "2014.10.26"]
[Round "2.4"]
[White "Sulzgruber, Robin"]
[Black "Ptacnik, Pavel"]
[Result "1-0"]
[WhiteElo "1973"]
[BlackElo "2015"]
[PlyCount "117"]
[EventDate "2014.10.05"]
[EventType "team-tourn"]
[EventRounds "11"]
[EventCountry "AUT"]
[SourceTitle "EXT 2016"]
[Source "ChessBase"]
[SourceDate "2015.10.08"]
[SourceVersion "1"]
[SourceVersionDate "2015.10.08"]
[SourceQuality "1"]
[WhiteTeam "Bisamberg/Korneuburg"]
[BlackTeam "Litschau/Eisgarn"]
[WhiteTeamCountry "AUT"]
[BlackTeamCountry "AUT"]

1. e4 c5 2. c3 d5 3. exd5 Qxd5 4. d4 e6 5. Na3 Nf6 6. Nb5 Na6 7. Nf3 Be7 8. Be3 cxd4 9. Qxd4 Qxd4 10. Bxd4 b6 11. Be2 0-0 12. a4 Bb7 13. a5 Nc5 14. axb6 axb6 15. 0-0 Nd5 16. Nd2 Nf4 17. Bf3 Bxf3 18. Nxf3 Ncd3 19. b4 Ne2+ 20. Kh1 Nxd4 21. Nfxd4 Nxf2+ 22. Kg1 Ne4 23. Rfe1 Nd2 24. Nc7 Rxa1 25. Rxa1 Rc8 26. Ra7 Kf8 27. Rb7 Nc4 28. Ncb5 Bf6 29. Kf2 g6 30. Ke2 e5 31. Nb3 e4 32. Nd2 Nxd2 33. Kxd2 Rc6 34. Nd4 Bxd4 35. cxd4 Rc4 36. Rxb6 Rxd4+ 37. Ke3 Rc4 38. g4 Kg7 39. g5 h5 40. Rb8 f5 41. Rb7+ Kf8 42. b5 Rc3+ 43. Kd4 Rd3+ 44. Ke5 e3 45. Kf6 Rd6+ 46. Ke5 Rd8 47. Kf6 Re8 48. Kxg6 Re6+ 49. Kxf5 e2 50. Kxe6 e1Q+ 51. Kf6 Qc3+ 52. Kg6 Qd3+ 53. Kh6 Qd2 54. h4 Qf4 55. b6 Qxh4 56. Rb8+ Ke7 57. b7 Qf4 58. Rg8 Qd6+ 59. g6 1-0

[Event "Tabor op"]
[Site "Tabor"]
[Date "2012.08.01"]
[Round "5"]
[White "Ptacnik, Pavel"]
[Black "Tesar, Jan"]
[Result "1-0"]
[WhiteElo "2001"]
[BlackElo "2100"]
[PlyCount "55"]
[EventDate "2012.07.29"]
[EventType "swiss"]
[EventRounds "9"]
[EventCountry "CZE"]
[SourceTitle "EXT 2013"]
[Source "ChessBase"]
[SourceDate "2012.11.22"]
[SourceVersion "1"]
[SourceVersionDate "2012.11.22"]
[SourceQuality "1"]

1. d4 Nf6 2. c4 c5 3. d5 e6 4. Nc3 exd5 5. cxd5 Bd6 6. g3 0-0 7. Bg2 Bc7 8. Nf3 d6 9. 0-0 a6 10. a4 Ba5 11. Nd2 Re8 12. Nc4 Bxc3 13. bxc3 Ne4 14. Ra3 Bf5 15. f3 Nf6 16. e4 Bg6 17. Bf4 Nh5 18. Bxd6 Nd7 19. Rb3 Ra7 20. g4 Nhf6 21. e5 Nxe5 22. Bxe5 Qxd5 23. Qxd5 Nxd5 24. f4 Nf6 25. Bxf6 Bd3 26. Nd6 Re6 27. Be5 f6 28. Bd5 1-0

[Event "CZE-chT2A 1112"]
[Site "Czech Republic"]
[Date "2012.01.08"]
[Round "5"]
[White "Ptacnik, Pavel"]
[Black "Mezera, Lukas"]
[Result "1/2-1/2"]
[WhiteElo "1857"]
[BlackElo "2040"]
[PlyCount "41"]
[EventDate "2011.10.09"]
[EventType "team-tourn"]
[EventRounds "11"]
[EventCountry "CZE"]
[SourceTitle "EXT 2013"]
[Source "ChessBase"]
[SourceDate "2012.11.22"]
[SourceVersion "1"]
[SourceVersionDate "2012.11.22"]
[SourceQuality "1"]
[WhiteTeam "Jindrichuv Hradec"]
[BlackTeam "Cesky Krumlov"]
[WhiteTeamCountry "CZE"]
[BlackTeamCountry "CZE"]

1. d4 Nf6 2. Nf3 g6 3. c4 c5 4. Nc3 cxd4 5. Nxd4 Bg7 6. e3 0-0 7. Be2 Nc6 8. 0-0 Nxd4 9. exd4 d5 10. cxd5 Nxd5 11. Bf3 Be6 12. Re1 Nxc3 13. bxc3 Rc8 14. Bd2 b5 15. Rb1 Bc4 16. a4 Qd7 17. axb5 Bxb5 18. Qb3 Bc4 19. Qa3 e5 20. Be3 exd4 21. cxd4 1/2-1/2

[Event "CZE-ch Juniors op-A"]
[Site "Zlate Hory"]
[Date "2006.03.18"]
[Round "9"]
[White "Ptacnik, Pavel"]
[Black "Bilek, Vlastimil"]
[Result "1-0"]
[WhiteElo "1705"]
[BlackElo "1565"]
[PlyCount "81"]
[EventDate "2006.03.11"]
[EventType "swiss"]
[EventRounds "9"]
[EventCountry "CZE"]
[SourceTitle "EXT 2008"]
[Source "ChessBase"]
[SourceDate "2007.11.25"]
[SourceVersion "1"]
[SourceVersionDate "2007.11.25"]
[SourceQuality "1"]

1. d4 Nf6 2. c4 c5 3. d5 b5 4. cxb5 a6 5. Nc3 g6 6. e3 d6 7. Bc4 Bg7 8. Nf3 0-0 9. 0-0 Qb6 10. Re1 Nbd7 11. a4 axb5 12. Bxb5 Ne8 13. e4 Nc7 14. Bc4 Ne5 15. Nxe5 Bxe5 16. Qc2 e6 17. Be3 Ba6 18. Bxa6 Rxa6 19. dxe6 fxe6 20. Rab1 Qa5 21. Bd2 Bxc3 22. bxc3 Qxa4 23. Qb2 Qc6 24. Bh6 Rc8 25. Re3 c4 26. h3 Ra5 27. Bf4 Rb5 28. Qc2 e5 29. Bh6 Rcb8 30. Rxb5 Qxb5 31. Rf3 Ne6 32. Qd2 Qc6 33. Rf6 Re8 34. Kh2 Qd7 35. Qd5 Qe7 36. Rf3 Rc8 37. g4 Kh8 38. Kg3 Ng7 39. Rf7 Rc5 40. Qa8+ Qe8 41. Rf8+ 1-0

[Event "CZE-ch Juniors op-A"]
[Site "Zlate Hory"]
[Date "2006.03.17"]
[Round "8"]
[White "Vojir, Vaclav"]
[Black "Ptacnik, Pavel"]
[Result "1/2-1/2"]
[WhiteElo "1830"]
[BlackElo "1705"]
[PlyCount "64"]
[EventDate "2006.03.11"]
[EventType "swiss"]
[EventRounds "9"]
[EventCountry "CZE"]
[SourceTitle "EXT 2008"]
[Source "ChessBase"]
[SourceDate "2007.11.25"]
[SourceVersion "1"]
[SourceVersionDate "2007.11.25"]
[SourceQuality "1"]

1. d4 d5 2. c4 c6 3. Nf3 Nf6 4. Nc3 dxc4 5. e3 e6 6. Bxc4 Bb4 7. Bd2 0-0 8. a3 Ba5 9. 0-0 Nbd7 10. Qc2 Qe7 11. Bd3 e5 12. dxe5 Nxe5 13. Nxe5 Qxe5 14. h3 Rd8 15. Ne4 Nxe4 16. Bxa5 Qxa5 17. Bxe4 f5 18. Qb3+ Kh8 19. Bf3 Qc7 20. Rad1 Re8 21. Rd2 Be6 22. Qc3 Rad8 23. Rfd1 Bc8 24. Rd3 Rf8 25. Qc5 a6 26. R1d2 Rfe8 27. Qc1 Rxd3 28. Rxd3 Qe5 29. Qd2 Qc7 30. Bh5 Rf8 31. Bf3 Re8 32. Bh5 Rf8 1/2-1/2

[Event "CZE-ch Juniors op-A"]
[Site "Zlate Hory"]
[Date "2006.03.14"]
[Round "4"]
[White "Ptacnik, Pavel"]
[Black "Hejl, Jaroslav"]
[Result "0-1"]
[WhiteElo "1705"]
[BlackElo "2108"]
[PlyCount "52"]
[EventDate "2006.03.11"]
[EventType "swiss"]
[EventRounds "9"]
[EventCountry "CZE"]
[SourceTitle "EXT 2008"]
[Source "ChessBase"]
[SourceDate "2007.11.25"]
[SourceVersion "1"]
[SourceVersionDate "2007.11.25"]
[SourceQuality "1"]

1. d4 d5 2. Nf3 Nf6 3. e3 Bf5 4. Nbd2 e6 5. c3 Be7 6. Be2 0-0 7. Nh4 Be4 8. Nxe4 Nxe4 9. Nf3 Nd7 10. 0-0 c6 11. Qc2 Bd6 12. c4 f5 13. c5 Bc7 14. b4 g5 15. g3 Rf6 16. Bb2 Qb8 17. Bd3 g4 18. Bxe4 fxe4 19. Nh4 Rh6 20. Kg2 Bd8 21. Rh1 Bxh4 22. gxh4 Qd8 23. Rag1 Qxh4 24. Kf1 Rf8 25. h3 g3 26. Rxg3+ Qxg3 0-1

[Event "CZE-ch Juniors op-A"]
[Site "Zlate Hory"]
[Date "2006.03.14"]
[Round "5"]
[White "Slepankova, Radka"]
[Black "Ptacnik, Pavel"]
[Result "1-0"]
[WhiteElo "1962"]
[BlackElo "1705"]
[PlyCount "81"]
[EventDate "2006.03.11"]
[EventType "swiss"]
[EventRounds "9"]
[EventCountry "CZE"]
[SourceTitle "EXT 2008"]
[Source "ChessBase"]
[SourceDate "2007.11.25"]
[SourceVersion "1"]
[SourceVersionDate "2007.11.25"]
[SourceQuality "1"]

1. e4 c5 2. Nf3 d6 3. d4 cxd4 4. Nxd4 Nf6 5. Nc3 a6 6. Be2 e5 7. Nb3 Be6 8. Be3 Be7 9. 0-0 Nbd7 10. Kh1 0-0 11. f4 exf4 12. Bxf4 Ne5 13. Nd4 Bc8 14. Nf5 Bxf5 15. exf5 Qc7 16. Qe1 b5 17. a3 Rfe8 18. Qg3 Bf8 19. Bg5 Nfd7 20. f6 Ng6 21. Bf3 Rac8 22. Bd5 Nde5 23. fxg7 Bxg7 24. Bb3 Qd7 25. Rad1 Rc6 26. h3 Kh8 27. Nd5 f5 28. Nf6 Qc8 29. Nxe8 Qxe8 30. Rxf5 Nc4 31. Bf6 Qe6 32. Bxg7+ Kxg7 33. Rdf1 d5 34. Qc3+ Kg8 35. Qf6 Qxf6 36. Rxf6 Rxf6 37. Rxf6 Nxb2 38. Bxd5+ Kg7 39. Rxa6 Nf4 40. Be4 h6 41. Rb6 1-0